Statistics for Also Known As #2

Click here to take the quiz!

General Stats

  • This quiz has been taken 16,117 times
  • The average score is 11 of 20

Answer Stats

ThisAlso Known As...% Correct
SpectaclesEyeglasses
88%
All Hallows' EveHalloween
87%
War Between the StatesAmerican Civil War
84%
SasquatchBigfoot
81%
NavelBelly Button
80%
Latter Day SaintsMormons
77%
Samuel ClemensMark Twain
71%
Grand Old PartyRepublican Party
63%
LSDAcid
61%
ContusionBruise
57%
The Scottish PlayMacBeth
51%
Cottage PieShepherd's Pie
51%
Ayers RockUluru
47%
German MeaslesRubella
37%
LondonderryDerry
36%
UnagiFreshwater Eel
36%
Charles the GreatCharlemagne
34%
EpinephrineAdrenaline
28%
The Open ChampionshipBritish Open
19%
Dolphin FishMahi-Mahi
17%

Score Distribution

Percentile by Number Answered

Percent of People with Each Score

Your Score History

You have not taken this quiz